[Event "SVK-chT1W 1516"]
[Site "Slovakia"]
[Date "2015.12.13"]
[Round "6.3"]
[White "Jursa, Branislav"]
[Black "Sturc, Jan"]
[Result "1/2-1/2"]
[WhiteElo "1960"]
[BlackElo "2044"]
[PlyCount "124"]
[EventDate "2015.10.24"]
[EventType "team-tourn"]
[EventRounds "11"]
[EventCountry "SVK"]
[SourceTitle "CBM 170 Extra"]
[Source "ChessBase"]
[SourceDate "2016.02.25"]
[SourceVersion "1"]
[SourceVersionDate "2016.02.25"]
[SourceQuality "1"]
[WhiteTeam "Bratislava Lokomotiva"]
[BlackTeam "Bratislava Slovan II"]
[WhiteTeamCountry "SVK"]
[BlackTeamCountry "SVK"]

1. e4 c5 2. c3 d5 3. exd5 Qxd5 4. d4 Nf6 5. Nf3 Nc6 6. Be2 Bf5 7. 0-0 e6 8. Qa4 Qd7 9. Rd1 cxd4 10. Nxd4 Nxd4 11. Qxd7+ Nxd7 12. Rxd4 Bc5 13. Rd2 0-0-0 14. b4 Be7 15. Na3 Ne5 16. Rxd8+ Rxd8 17. Be3 a6 18. h3 Bd3 19. Kf1 Nc6 20. Nc4 b5 21. Nb2 Bxe2+ 22. Kxe2 Kb7 23. Nd3 e5 24. f3 f5 25. a4 e4 26. fxe4 fxe4 27. Nf2 Re8 28. Nxe4 Bxb4 29. axb5 axb5 30. Kd3 Rd8+ 31. Kc2 Re8 32. Kd3 Rd8+ 33. Ke2 Re8 34. Kf3 Ne5+ 35. Kg3 Nc6 36. Nc5+ Bxc5 37. Bxc5 Re5 38. Bg1 Rd5 39. Rf1 Ne5 40. Bd4 g6 41. Rf8 Kc7 42. h4 Nc6 43. Rf7+ Rd7 44. Bb6+ Kd6 45. Rxd7+ Kxd7 46. Kf4 h6 47. Ke4 Ke6 48. Be3 h5 49. Bf4 b4 50. c4 b3 51. Bc1 Ne5 52. Kd4 Kf5 53. c5 Nc6+ 54. Ke3 Ke5 55. Kf3 Kd4 56. Ba3 Kd5 57. Ke3 Nd4 58. Kd3 Nf5 59. Ke2 Nxh4 60. g3 Nf5 61. Kf3 g5 62. g4 hxg4+ 1/2-1/2

[Event "SVK-chT2A 1516"]
[Site "Slovakia"]
[Date "2015.12.06"]
[Round "6.5"]
[White "Sturc, Jan"]
[Black "Szollos, Ondrej"]
[Result "1/2-1/2"]
[WhiteElo "2047"]
[BlackElo "2054"]
[PlyCount "80"]
[EventDate "2015.10.17"]
[EventType "team-tourn"]
[EventRounds "11"]
[EventCountry "SVK"]
[SourceTitle "CBM 169 Extra"]
[Source "ChessBase"]
[SourceDate "2015.12.18"]
[SourceVersion "1"]
[SourceVersionDate "2015.12.18"]
[SourceQuality "1"]
[WhiteTeam "Bratislava DP"]
[BlackTeam "Devinska Nova Ves II"]
[WhiteTeamCountry "SVK"]
[BlackTeamCountry "SVK"]

1. e4 d6 2. d4 c6 3. Nf3 Qc7 4. Bf4 Bg4 5. Bc4 e6 6. h3 Bh5 7. a4 Nd7 8. Nc3 h6 9. Be2 Bxf3 10. Bxf3 e5 11. Bg3 Ngf6 12. d5 Be7 13. Bg4 Nc5 14. Qe2 Qb6 15. 0-0-0 Qb4 16. Rhe1 0-0 17. Kb1 Nxa4 18. Nxa4 Qxa4 19. Rd3 Qa5 20. f4 cxd5 21. fxe5 Nxe4 22. exd6 Bg5 23. Red1 Rad8 24. Rxd5 Nxg3 25. Rxa5 Nxe2 26. Bxe2 a6 27. Bf3 Rb8 28. d7 Rfd8 29. Rc5 b6 30. Rc7 Kf8 31. Bg4 g6 32. Bf3 Bf4 33. Rc4 Be5 34. Bc6 b5 35. Re4 f6 36. Re3 Rb6 37. Be4 Ke7 38. Bxg6 Rxd7 39. Rxd7+ Kxd7 40. Rd3+ Rd6 1/2-1/2

[Event "SVK-chT2A 1516"]
[Site "Slovakia"]
[Date "2015.11.07"]
[Round "3.6"]
[White "Vepy, Ivan"]
[Black "Sturc, Jan"]
[Result "1-0"]
[WhiteElo "1952"]
[BlackElo "2047"]
[PlyCount "129"]
[EventDate "2015.10.17"]
[EventType "team-tourn"]
[EventRounds "11"]
[EventCountry "SVK"]
[SourceTitle "CBM 169 Extra"]
[Source "ChessBase"]
[SourceDate "2015.12.18"]
[SourceVersion "1"]
[SourceVersionDate "2015.12.18"]
[SourceQuality "1"]
[WhiteTeam "Skalica"]
[BlackTeam "Bratislava DP"]
[WhiteTeamCountry "SVK"]
[BlackTeamCountry "SVK"]

1. e4 c5 2. Nf3 Nc6 3. Be2 g6 4. Nc3 Bg7 5. 0-0 d6 6. h3 a6 7. Rb1 Nf6 8. d3 Nd4 9. Nxd4 cxd4 10. Nd5 Nxd5 11. exd5 Qa5 12. Bf3 Qxa2 13. Bf4 0-0 14. Re1 Bf6 15. g4 Re8 16. Bxd6 Qa4 17. Bf4 g5 18. Bg3 Qd7 19. Qd2 Kh8 20. Re2 b6 21. c4 Bb7 22. Rbe1 b5 23. b3 a5 24. Be5 Bxe5 25. Rxe5 f6 26. Re6 a4 27. Qb4 a3 28. Ra1 a2 29. Re2 bxc4 30. dxc4 Rab8 31. Qd2 e5 32. Be4 Qc7 33. Qd3 Bc8 34. Rexa2 Qb6 35. Rb2 h5 36. Qf3 Rf8 37. Bg6 Rb7 38. b4 f5 39. gxf5 Bxf5 40. Bxf5 g4 41. Qe4 Qf6 42. Be6 gxh3 43. Kh2 Rg7 44. Rg1 Rxg1 45. Kxg1 Qg5+ 46. Kh2 Rf4 47. Qh1 d3 48. Qg1 Qxg1+ 49. Kxg1 Rxc4 50. Rd2 e4 51. d6 Rxb4 52. d7 Rd4 53. Kh2 Kg7 54. Bxh3 Kf6 55. Kg3 Ke5 56. f4+ exf3 57. Kxf3 Kf6 58. Ke3 Rd6 59. Rxd3 Rxd3+ 60. Kxd3 Ke7 61. Kd4 Kd8 62. Kc5 Kc7 63. Kd5 h4 64. Ke6 Kd8 65. Bg4 1-0

[Event "Tatry op"]
[Site "Tatranske Zruby"]
[Date "2015.10.02"]
[Round "8"]
[White "Sturc, Jan"]
[Black "Sikora, Jan"]
[Result "1/2-1/2"]
[WhiteElo "2044"]
[BlackElo "2219"]
[PlyCount "59"]
[EventDate "2015.09.26"]
[EventType "swiss"]
[EventRounds "9"]
[EventCountry "SVK"]
[SourceTitle "CBM 168 Extra"]
[Source "ChessBase"]
[SourceDate "2015.10.29"]
[SourceVersion "1"]
[SourceVersionDate "2015.10.29"]
[SourceQuality "1"]

1. e4 c5 2. Nf3 d6 3. d4 cxd4 4. Nxd4 Nf6 5. Nc3 a6 6. Bg5 Nbd7 7. f4 b5 8. a3 Bb7 9. Bxf6 gxf6 10. Qh5 Nc5 11. 0-0-0 Nxe4 12. Ndxb5 Nxc3 13. Nxc3 Qc7 14. Be2 Bxg2 15. Rhg1 Bb7 16. Bg4 Qc5 17. Qxc5 dxc5 18. Bd7+ Kd8 19. Na4 Kc7 20. Nxc5 Bh6 21. Nxb7 Kxb7 22. Kb1 Bxf4 23. Rg4 Bd6 24. Bf5 Rad8 25. Rd3 Bxh2 26. Rb4+ Ka7 27. Be4 Rxd3 28. Rb7+ Ka8 29. Rb3+ Ka7 30. Rb7+ 1/2-1/2

[Event "Tatry op"]
[Site "Tatranske Zruby"]
[Date "2015.09.28"]
[Round "4"]
[White "Sturc, Jan"]
[Black "Jablonicky, Martin"]
[Result "0-1"]
[WhiteElo "2044"]
[BlackElo "2202"]
[PlyCount "48"]
[EventDate "2015.09.26"]
[EventType "swiss"]
[EventRounds "9"]
[EventCountry "SVK"]
[SourceTitle "CBM 168 Extra"]
[Source "ChessBase"]
[SourceDate "2015.10.29"]
[SourceVersion "1"]
[SourceVersionDate "2015.10.29"]
[SourceQuality "1"]

1. c4 g6 2. Nf3 Bg7 3. g3 Nf6 4. Bg2 d5 5. cxd5 Nxd5 6. d4 0-0 7. 0-0 Na6 8. e4 Nb6 9. Nc3 c5 10. dxc5 Nxc5 11. Qc2 Bd7 12. Be3 Rc8 13. Rad1 Nca4 14. Bd4 Nxc3 15. bxc3 Ba4 16. Qe2 Bxd1 17. Rxd1 Bxd4 18. cxd4 Qc7 19. h4 Qc4 20. Qe3 Qxa2 21. Qh6 f6 22. Bh3 Qb3 23. Kg2 Qxd1 24. Be6+ Kh8 0-1